NCAA College Mascots: Tigers - Statistics

General Stats
  • This quiz has been taken 44 times
  • The average score is 6 of 13
Answer Stats
Subdivision Team Related Nickname % Correct
FBS LSU
86%
FBS Auburn
78%
FBS Clemson
72%
FBS Missouri
61%
FBS Memphis
58%
FCS Idaho State *Bengals
56%
FCS Princeton
44%
FCS Towson
33%
FCS Grambling State
22%
FCS Jackson State
22%
FCS Tennessee State
22%
Non-Football Pacific
19%
FCS Texas Southern
19%
No matching quizzes found
Score Distribution
Percent of People with Each Score
Percentile by Number Answered
Your Score History
You have not taken this quiz